Time Management is Life Management/ (Record no. 189547)
[ view plain ]
| 000 -LEADER | |
|---|---|
| fixed length control field | 00705nam a22001937a 4500 |
| 005 - DATE AND TIME OF LATEST TRANSACTION | |
| control field | 20220811142014.0 |
| 010 ## - LCCN (DPL NO) | |
| LC control number | B-745298 |
| 020 ## - INTERNATIONAL STANDARD BOOK NUMBER | |
| International Standard Book Number | 9789386759658 |
| Terms of availability | 250.00 |
| 035 ## - SYSTEM CONTROL NUMBER | |
| System control number | B-745298 |
| 037 ## - SOURCE OF ACQUISITION | |
| Source of stock number/acquisition | Diamond Pocket Books (P) Ltd. |
| 100 ## - MAIN ENTRY--PERSONAL NAME | |
| Personal name | Sharma, Rinkal |
| 245 ## - TITLE STATEMENT | |
| Title | Time Management is Life Management/ |
| Statement of responsibility, etc | Rinkal Sharma and Amit Sharma |
| 260 ## - PUBLICATION, DISTRIBUTION, ETC. (IMPRINT) | |
| Place of publication, distribution, etc | New Delhi |
| Name of publisher, distributor, etc | Diamond Pocket Books (P) Ltd. |
| 270 ## - ADDRESS | |
| Address | X-30,Okhla Industrial Area, Phase-II |
| City | New Delhi |
| Postal code | 110020 |
| Telephone number | 0114072200 |
| Electronic mail address | sales@dbp.in |
| 300 ## - PHYSICAL DESCRIPTION | |
| Extent | 222p. |
| Dimensions | 22cm(pbk) |
| 700 ## - ADDED ENTRY--PERSONAL NAME | |
| Personal name | Sharma, Amit |
| 942 ## - ADDED ENTRY ELEMENTS (KOHA) | |
| Source of classification or shelving scheme | Dewey Decimal Classification |
| Item type | English Books |
| Call number suffix | SHA |
| Classification part | 650.11 |
| Withdrawn status | Lost status | Not for loan | Collection code | Home library | Current library | Date acquired | Source of acquisition | Cost, normal purchase price | Full call number | Barcode | Copy number | Cost, replacement price | Koha item type | Public note |
|---|---|---|---|---|---|---|---|---|---|---|---|---|---|---|
| Non-fiction | Kadipur | Kadipur | 11/08/2022 | 11.8.2022/ Gift | 250.00 | 650.11 SHA | B-745298 | 1 | 250.00 | English Books | Gift |
